00754nam a2200181 a 450000100100000000500170001000800410002704000250006810000270009324500990012026000370021930000210025650400280027770000340030595201050033995201110044499900170055500004414520201002045157.0140602s1998 dr 000 0 spa d aDO-SdBNPbspacBNPHU1 aCavallo, Leonor97215710aTaller de redacción 2000 para la educación media /cLeonor Cavallo, Margarita Hernández. aSanto Domingo :bSusaeta,c1998. a112 p. ;c26 cm. aBibliografía : p. 10912aHernández, Margarita972158 0010718PDaGRbGRcCTd2014-06-02iLF1l0o p44145-10r2020-06-25w2020-06-25yLFPDZNo se presta 0010718PDaGRbGRcCTd2014-06-02iLF1l0o p44145-20r2020-06-25te. 2w2020-06-25yLFPDZNo se presta c43634d43634